Shadow land: (Record no. 350701)

000 -LEADER
fixed length control field 00665cam a22002531 4500
001 - CONTROL NUMBER
control field 6601256
003 - CONTROL NUMBER IDENTIFIER
control field OSt
005 - DATE AND TIME OF LATEST TRANSACTION
control field 20180116183024.0
008 - FIXED-LENGTH DATA ELEMENTS--GENERAL INFORMATION
fixed length control field 751121s1966 enk 000 0 eng
010 ## - LIBRARY OF CONGRESS CONTROL NUMBER
LC control number 66070315
035 ## - SYSTEM CONTROL NUMBER
System control number (OCoLC)1847232
040 ## - CATALOGING SOURCE
Original cataloging agency DLC
Transcribing agency F
Modifying agency DLC
042 ## - AUTHENTICATION CODE
Authentication code premarc
050 00 - LIBRARY OF CONGRESS CALL NUMBER
Classification number PT2662.O2
Item number A25
082 ## - DEWEY DECIMAL CLASSIFICATION NUMBER
Classification number 813.54 STR 1980
100 1# - MAIN ENTRY--PERSONAL NAME
Personal name Peter Straub
Dates associated with a name 1917-1965.
245 10 - TITLE STATEMENT
Title Shadow land:
Statement of responsibility, etc. Peter Straub
260 ## - PUBLICATION, DISTRIBUTION, ETC.
Place of publication, distribution, etc. Great Britain
Name of publisher, distributor, etc. Fontana / Collins
Date of publication, distribution, etc. 1980
300 ## - PHYSICAL DESCRIPTION
Extent 445 p.
Dimensions 22cm.
440 ## - SERIES STATEMENT/ADDED ENTRY--TITLE
Title Shadow land
490 0# - SERIES STATEMENT
Series statement Poetry Europe series
906 ## - LOCAL DATA ELEMENT F, LDF (RLIN)
a 7
b cbc
c oclcrpl
d u
e ncip
f 19
g y-gencatlg
942 ## - ADDED ENTRY ELEMENTS (KOHA)
Source of classification or shelving scheme
Koha item type Book
Holdings
Withdrawn status Lost status Source of classification or shelving scheme Damaged status Not for loan Collection code Permanent Location Current Location Shelving location Date acquired Total Checkouts Full call number Barcode Date last seen Price effective from Koha item type
            Central Library (CL) Central Library (CL) Fiction 12/02/2015   813.54 STR 1980 NBSD-2273 10/12/2023 12/02/2015 Book
© 2023 Central Library, National University of Sciences and Technology. All Rights Reserved.